000
00327nam a2200145Ia 4500
100
_a
Goyal/ S.C.
250
_a
3
942
_c
BK
654
_a
communication
245
_a
Principles of communication engineering
260
_b
Tech. Publications
_a
Pune
_c
1996
082
_a
621.382
_b
GOY
300
_a
236
546
_a
ENGLISH
999
_c
23964
_d
23964